| 000 | 00843nam a2200265 a 4500 | ||
|---|---|---|---|
| 001 | 50348 | ||
| 003 | BD-RjUL | ||
| 005 | 20211209075508.0 | ||
| 008 | 160824s19741954rurc b 001 0 eng | ||
| 035 | _a(BD-RjUL)50468 | ||
| 040 |
_aLC _beng _cLC _dBD-RjUL |
||
| 041 | 1 | _aengger | |
| 082 | 0 | 4 |
_a501 _223 _bEND 1974 |
| 100 | 1 |
_aEngels, Frederick _d1820-1895. _9134542 |
|
| 245 | 1 | 0 |
_aDialectics of nature / _cFrederick Engels ; Translated from the German by C. Dutt |
| 250 | _a2nd. rev. ed. | ||
| 260 |
_aMoscow : _bProgress Publishers, _c1954, [printing 1974] |
||
| 300 |
_a403 p. ; _bill. ; _c21 cm. |
||
| 500 | _aTranslation of Dialetik der Natur. | ||
| 504 | _aBibliography: p. [374]-[382] | ||
| 650 | 0 |
_aScience _xPhilosophy. _9151299 |
|
| 650 | 0 |
_aDialectical materialism. _9134974 |
|
| 942 |
_2ddc _cBK |
||
| 999 |
_c50348 _d50348 |
||